000 004350000a22001810004500
003 MACL
005 20160101152949.0
008 160101b xxu||||| |||| 00| 0 eng d
040 _aMACL
_cMACL
041 _aEnglish
082 _a520/BAK
100 _aBaker, Robert H
_926551
245 _aAstronomy
260 _bD Van Nostrand Company
_c1965
_aNew Delhi
350 _a12
650 _aAstronomy
_926552
942 _cBK
_k520/BAK
_2ddc
999 _c36804
_d36804